| 000 | 00928cam a22002771 4500 | ||
|---|---|---|---|
| 001 | 26649 | ||
| 003 | BD-RjUL | ||
| 005 | 20211209051040.0 | ||
| 008 | 140323s1957 ru ac 100 0 eng d | ||
| 035 | _a(BD-RjUL)26719 | ||
| 035 | _a(OCoLC)1914809 | ||
| 040 |
_aDLC _cRPB _dDLC _dBD-RjUL _beng |
||
| 041 | _aeng | ||
| 082 | 0 | 4 |
_a396 _bEQU 1957 |
| 100 |
_a , _981896 |
||
| 245 | 1 | 0 |
_aEquality of women in the U.S.S.R. : _bmaterials of [an] international seminar, Moscow, September 15-October 1, 1956 / _cCompiled by L. Petrova and S. Gilevskaya |
| 260 |
_aMoscow : _bForeign Languages Pub. House, _c1957. |
||
| 300 |
_a361 p. : _bill. ; _c20 cm. |
||
| 650 | 0 |
_aWomen _zSoviet Union. _981897 |
|
| 650 | 0 |
_aWomen _xLegal status, laws, etc. _zSoviet Union. _981898 |
|
| 700 | 1 |
_aPetrova L _ejoint ed. _981899 |
|
| 700 | 1 |
_aGilevskai︠a︡, S., _981900 |
|
| 942 |
_2ddc _cBK |
||
| 999 |
_c26649 _d26649 |
||